<?xml version="1.0" encoding="UTF-8"?><?xml-stylesheet type="text/xsl" href="static/style.xsl"?><OAI-PMH xmlns="http://www.openarchives.org/OAI/2.0/" xmlns:xsi="http://www.w3.org/2001/XMLSchema-instance" xsi:schemaLocation="http://www.openarchives.org/OAI/2.0/ http://www.openarchives.org/OAI/2.0/OAI-PMH.xsd"><responseDate>2026-04-18T04:20:17Z</responseDate><request verb="GetRecord" identifier="oai:www.recercat.cat:2445/163104" metadataPrefix="marc">https://recercat.cat/oai/request</request><GetRecord><record><header><identifier>oai:recercat.cat:2445/163104</identifier><datestamp>2025-12-05T16:23:36Z</datestamp><setSpec>com_2072_1057</setSpec><setSpec>col_2072_478917</setSpec><setSpec>col_2072_478921</setSpec></header><metadata><record xmlns="http://www.loc.gov/MARC21/slim" xmlns:dcterms="http://purl.org/dc/terms/" xmlns:xsi="http://www.w3.org/2001/XMLSchema-instance" xmlns:doc="http://www.lyncode.com/xoai" xsi:schemaLocation="http://www.loc.gov/MARC21/slim http://www.loc.gov/standards/marcxml/schema/MARC21slim.xsd">
   <leader>00925njm 22002777a 4500</leader>
   <datafield ind2=" " ind1=" " tag="042">
      <subfield code="a">dc</subfield>
   </datafield>
   <datafield ind2=" " ind1=" " tag="720">
      <subfield code="a">Olaya Guzmán, Beatriz</subfield>
      <subfield code="e">author</subfield>
   </datafield>
   <datafield ind2=" " ind1=" " tag="720">
      <subfield code="a">Moneta, Maria Victoria</subfield>
      <subfield code="e">author</subfield>
   </datafield>
   <datafield ind2=" " ind1=" " tag="720">
      <subfield code="a">Bobak, Martin</subfield>
      <subfield code="e">author</subfield>
   </datafield>
   <datafield ind2=" " ind1=" " tag="720">
      <subfield code="a">Haro Abad, Josep Maria</subfield>
      <subfield code="e">author</subfield>
   </datafield>
   <datafield ind2=" " ind1=" " tag="720">
      <subfield code="a">Demakakos, Panayotes</subfield>
      <subfield code="e">author</subfield>
   </datafield>
   <datafield ind2=" " ind1=" " tag="260">
      <subfield code="c">2020-05-29T14:04:57Z</subfield>
   </datafield>
   <datafield ind2=" " ind1=" " tag="260">
      <subfield code="c">2020-05-29T14:04:57Z</subfield>
   </datafield>
   <datafield ind2=" " ind1=" " tag="260">
      <subfield code="c">2019-12-02</subfield>
   </datafield>
   <datafield ind2=" " ind1=" " tag="260">
      <subfield code="c">2020-05-29T14:04:57Z</subfield>
   </datafield>
   <datafield ind2=" " ind1=" " tag="520">
      <subfield code="a">BACKGROUND: We investigated the association between trajectories of verbal episodic memory and burden of cardiovascular risk factors in middle-aged and older community-dwellers. METHODS: We analysed data from 4372 participants aged 50-64 and 3005 persons aged 65-79 years old from the English Longitudinal Study of Ageing who were repeatedly evaluated every 2 years and had six interviews of a 10-year follow-up. We measured the following baseline risk factors: diabetes, hypertension, smoking, physical inactivity and obesity to derive a cardiovascular risk factor score (CVRFs). Adjusted linear mixed effect regression models were estimated to determine the association between number of CVFRs and six repeated measurements of verbal memory scores, separately for middle-aged and older adults. RESULTS: CVRFs was not significantly associated with memory at baseline. CVFRs was significantly associated with memory decline in middle-aged (50-64y), but not in older (65-79y) participants. This association followed a dose-response pattern with increasing number of CVFRs being associated with greater cognitive decline. Comparisons between none versus some CVRFs yielded significant differences (p &lt; 0.05). CONCLUSIONS: Our findings confirm that the effect of cumulative CVRFs on subsequent cognitive deterioration is age-dependent. CVRFs are associated with cognitive decline in people aged 50-64 years, but not in those aged ≥65 years. Although modest, the memory decline associated with accumulation of cardiovascular risk factors in midlife may increase the risk of late-life dementia.</subfield>
   </datafield>
   <datafield tag="653" ind2=" " ind1=" ">
      <subfield code="a">Sistema cardiovascular</subfield>
   </datafield>
   <datafield tag="653" ind2=" " ind1=" ">
      <subfield code="a">Anàlisi de regressió</subfield>
   </datafield>
   <datafield tag="653" ind2=" " ind1=" ">
      <subfield code="a">Memòria</subfield>
   </datafield>
   <datafield tag="653" ind2=" " ind1=" ">
      <subfield code="a">Persones de mitjana edat</subfield>
   </datafield>
   <datafield tag="653" ind2=" " ind1=" ">
      <subfield code="a">Cardiovascular system</subfield>
   </datafield>
   <datafield tag="653" ind2=" " ind1=" ">
      <subfield code="a">Regression analysis</subfield>
   </datafield>
   <datafield tag="653" ind2=" " ind1=" ">
      <subfield code="a">Memory</subfield>
   </datafield>
   <datafield tag="653" ind2=" " ind1=" ">
      <subfield code="a">Middle aged persons</subfield>
   </datafield>
   <datafield ind2="0" ind1="0" tag="245">
      <subfield code="a">Cardiovascular risk factors and memory decline in middle-aged and older adults: the English Longitudinal Study of Ageing.</subfield>
   </datafield>
</record></metadata></record></GetRecord></OAI-PMH>